Países con una consonante repetida 3 veces - Estadísticas

Estadísticas generales
  • Esta prueba ha sido intentada 35 veces
    24 desde el último reinicio
  • La puntuación promedio es 8 de 12
Estadísticas de respuestas
Continente Letras repetida Respuesta % Correcto
Oceanía L, S Islas Marshall
95%
Oceanía S Islas Salomón
95%
Oceanía D, S Estados Federados de Micronesia
85%
África C República Democrática del Congo
80%
América N,S San Vicente y las Granadinas
75%
África C, R República Centroafricana
70%
América S San Cristóbal y Nieves
70%
América S Estados Unidos
65%
Europa D Ciudad del Vaticano
50%
Europa C República Checa
50%
Asia S Emiratos Árabes Unidos
45%
Europa S Países Bajos
45%
No se encontraron pruebas coincidentes
Distribución de puntuación
Porcentaje de gente con cada puntuación
Porcentaje por número respondido
Historial de tus puntuaciones
No has intentado esta prueba desde el último reinicio